Snoop : what your stuff says about you

Bibliographic Details
Main Author: Gosling, Sam
Format: Book
Published: New York : Basic Books , 2008
Subjects:

MARC

LEADER 00000cam a2200000 7i4500
001 0000123735
005 20080903.0
020 |a 9780465027811 
090 0 0 |a 155.91   |b GOS 
100 1 |a Gosling, Sam 
245 1 0 |a Snoop :   |b what your stuff says about you   |c Sam Gosling 
260 |a New York :   |b Basic Books ,   |c 2008 
300 |a 263p. ;   |c 24cm. 
650 0 0 |a Personal belongings   |x Psychological aspects 
650 0 0 |a Social perception 
999 |a 00218941   |b BUKU   |c PINJAMAN   |e PERPUSTAKAAN KOMUNITI PETALING JAYA